| 000 | 00993nam a2200337Ia 4500 | ||
|---|---|---|---|
| 001 | Para_7517 | ||
| 003 | CHAP | ||
| 008 | 220125s1941 xx 000 0 und d | ||
| 010 | _a206405 | ||
| 040 | _cCHAP | ||
| 082 | _aPA-C 632 B85 | ||
| 100 |
_aWhitten, R. R. _9121783 |
||
| 245 | _aThe internal aplication of chemical to kill elm trees and prevent bark beetle attak | ||
| 260 |
_aEUA : _b USDA |
||
| 300 | _a12 p. | ||
| 440 |
_aCircular ; 605 _9172710 |
||
| 500 | _aEnc. con impresos similares | ||
| 650 |
_aArboles _x plagas _982440 |
||
| 650 |
_aEscabajos _9172711 |
||
| 650 |
_aFitopatología _x colecciones de escritos _9172523 |
||
| 650 |
_aHylurgopinus rufipes _957090 |
||
| 650 |
_aScolytus multistriatus _9103353 |
||
| 710 |
_aEUA. Departament of Agriculture _9166870 |
||
| 901 | _aPA-C 632 B85 | ||
| 902 | _aA | ||
| 905 | _a0000001941 0000000000 00 | ||
| 910 | _a1941 | ||
| 942 | _cPARA | ||
| 942 |
_cPARA _d1 |
||
| 999 |
_c206405 _d206405 |
||